Noviolencia y deporte /

La Biblioteca Temática del Deporte es una colección básica sobre educación física y deporte, con rigor técnico de contenidos, que sirve como apoyo para la enseñanza-aprendizaje de los siguientes temas que componen la serie: 1) Educación física; 2) El ser humano y el esfuerzo físico; 3) Actividad fís...

Ausführliche Beschreibung

Gespeichert in:
Bibliographische Detailangaben
1. Verfasser: Mosquera González, M. José (autor)
Weitere Verfasser: Lera Navarro, Angela (autor) (autor), Sánchez Pato, Antonio (autor) (autor)
Format: Buch
Sprache:Spanisch
Veröffentlicht: Barcelona, España : INDE, 2000, c2000
Schriftenreihe:(Biblioteca Temática del Deporte)
Schlagworte:
Tags: Tag hinzufügen
Keine Tags, Fügen Sie das erste Tag hinzu!

MARC

LEADER 00000nam^a2200000^a^4500
001 000160326
005 20250521000000.0
009 20260310100720.258
020 |a 84-95114-08-9 
037 |a Acervo ITESO - Biblioteca 
041 |a ESP 
082 |a 796.  |b BIB V. 12 
100 |a Mosquera González, M. José  |e (autor) 
245 1 0 |a Noviolencia y deporte /  |c M.J. Mosquera González, A. Lera Navarro, A. Sánchez Pato. 
264 4 |a Barcelona, España :  |b INDE,  |c 2000, c2000 
300 |a 103 p. 
336 |a texto  |b txt  |2 rdacontenido 
337 |a sin mediación  |b n  |2 rdamedio 
338 |a volumen  |b nc  |2 rdasoporte 
440 1 |a (Biblioteca Temática del Deporte) 
520 |a La Biblioteca Temática del Deporte es una colección básica sobre educación física y deporte, con rigor técnico de contenidos, que sirve como apoyo para la enseñanza-aprendizaje de los siguientes temas que componen la serie: 1) Educación física; 2) El ser humano y el esfuerzo físico; 3) Actividad física, deporte y salud; 4) Deportes individuales; 5) Deporte recreativo; 6) Manifestaciones de la motricidad; 7) Habilidades motrices; 8) Andar y correr; 9) Deportes de equipo; 10) Actividades en la naturaleza; 11) Cualidades físicas; 12) Noviolencia y deporte; 13) Relajación creativa; 14) Atletismo; 15) Actividades acuáticas recreativas; 16) Expresión corporal y danza; 17) Juegos y deportes populares-tradicionales; 18) Aeróbic; 19) Deportes de lucha; 20) Educación postural. 
530 |a Existe una edición en formato digital en línea con el mismo título 
649 |a XX 
650 |a No Violencia -  |x Tema Principal 
650 |a Comportamiento Social 
650 |a Problemas Sociales 
650 |a Deportes -  |x Aspectos Sociales y Culturales -  |x Tema Principal 
650 |a Prácticas Culturales 
650 |a Psicología Social 
650 |a Sociología de la Cultura 
700 |a Lera Navarro, Angela  |e (autor) 
700 |a Sánchez Pato, Antonio  |e (autor) 
910 |a Fondo General 
920 |a Impresos - Libros 
930 |a Colección General 
905 |a 101 
901 |a 0500093067  |b IT1  |c ACC  |u 20250521 
902 |a https://opac.biblio.iteso.mx/vufind/Record/000160326